02338 a2200205 45000010006000000050017000060080041000230030015000640400040000790800039001192450110001580200022002682640034002903000019003245051644003430410008019871000019019957000019020148560099020334488620260407155723.0260407a2016 arg spa dAR-UNSa-BCEJYS aAR-UNSa-BCEJYSbspacAR-UNSa-BCEJYS a331.101.26xEconomía del trabajo10aCaminos al trabajopel mundo laboral de los jóvenes durante la última etapa del gobierno kirchnerista a978-84-16467-43-3 1aBuenos Aires :bCONICETc2016 a202 p.c23 cm. a1. Más y mejor empleo, más y mayores desigualdades intergeneracionales. Un análisis de la dinámica general del empleo joven en la posconvertibilidad / Camila Deleo y Mariana Fernández Massi – 2. Jóvenes, trabajo y desigualdades de género en Argentina (2003- 2014) / Pablo Pérez – 3. Estrategias de búsqueda de empleo y trayectorias laborales de jóvenes argentinos / Camila Deleo y Pablo Pérez – 4. La precariedad laboral en el ingreso al mundo del trabajo y sus dispositivos de reproducción y profundización de desigualdades sociales / Mariana Busso – 5. “Volver a la escuela”. Disposiciones educativas de jóvenes estudiantes del Plan FinEs2 en un barrio popular del gran La Plata / Federico Martín González – 6. Definir la juventud a la luz de los momentos de decisiones y de los métodos longitudinales / María Eugenia Longo – 7. Saberes laborales y disposiciones sociales. Capital cultural y estrategias de inserción laboral entre jóvenes varones de clases populares de Gran Córdoba / Gonzalo Assusa – 8. Sentidos comunes detrás de políticas estatales destinadas a jóvenes en la etapa Kirchnerista. Un análisis discursivo del programa Jóvenes con Más y Mejor Trabajo y el nuevo sistema de pasantías / Marina Adamini y Brenda Brown – 9. Ni héroes ni apáticos. Elementos para pensar la participación de los jóvenes en las organizaciones sindicales / Anabel Beliera y Julieta Longo – 10. Jóvenes militantes del sindicalismo peronista en La Plata: entre la familia, la escuela, el trabajo y los momentos históricos / Mariana Chaves y Carlos Galimberti aspa1 aBusso, Mariana1 aPérez, Pablo41uhttps://www.biblioeco.unsa.edu.ar/pmb/images/libros/L127017.jpgyImagen de portadaqimage/jpeg